[Event "OP-2021-0-05120"]
[Site "LSS email"]
[Date "2021.03.21"]
[Round "?"]
[White "Shim Ng Min, Francis"]
[Black "Vlasov, Alexander"]
[Result "1/2-1/2"]
[WhiteElo "1073"]
[BlackElo "1183"]
[PlyCount "80"]
[EventDate "2021.03.16"]
[EventType "tourn (corr)"]
[EventRounds "4"]
[EventCountry "GER"]
[SourceTitle "Corr 2022"]
[Source "ChessBase"]
[SourceDate "2021.10.24"]
[SourceVersion "1"]
[SourceVersionDate "2021.10.24"]
[SourceQuality "1"]

1. e4 e6 2. d4 c5 3. Nf3 cxd4 4. Nxd4 Nf6 5. Nc3 Bb4 6. e5 Nd5 7. Qg4 g6 8. Bd2 h5 9. Qg3 Nxc3 10. Bxc3 Bxc3+ 11. Qxc3 a6 12. Bd3 Nc6 13. Nxc6 bxc6 14. b3 a5 15. 0-0 Ba6 16. a4 Bxd3 17. Qxd3 0-0 18. Rad1 Ra7 19. Qd6 Qb8 20. Rd4 Qxd6 21. Rxd6 Rb8 22. Rfd1 Rbb7 23. f4 Kf8 24. h4 Ke7 25. R1d4 c5 26. Rc4 Rb4 27. Rxb4 cxb4 28. Kf2 Rc7 29. Rd2 Rc3 30. g3 f6 31. exf6+ Kxf6 32. Kg2 d5 33. Kh3 Kf5 34. Re2 d4 35. Re5+ Kf6 36. Rxa5 d3 37. cxd3 Rxd3 38. Rb5 Rxb3 39. a5 Rb1 40. a6 Ra1 1/2-1/2

[Event "ZL-2021-0-02313"]
[Site "LSS email"]
[Date "2021.03.05"]
[Round "?"]
[White "Shim Ng Min, Francis"]
[Black "Vlasov, Alexander"]
[Result "0-1"]
[WhiteElo "1069"]
[BlackElo "1215"]
[PlyCount "47"]
[EventDate "2021.03.05"]
[EventType "match (corr)"]
[EventRounds "2"]
[EventCountry "GER"]
[SourceTitle "Corr 2022"]
[Source "ChessBase"]
[SourceDate "2021.10.24"]
[SourceVersion "1"]
[SourceVersionDate "2021.10.24"]
[SourceQuality "1"]

1. e4 e5 2. Nf3 d6 3. d4 exd4 4. Nxd4 Nf6 5. Nc3 Be7 6. Be2 Bd7 7. 0-0 Nc6 8. Nxc6 Bxc6 9. Bd3 Qd7 10. h3 0-0-0 11. Be3 Kb8 12. Qe2 h6 13. b4 b6 14. b5 Bb7 15. a4 Rhe8 16. a5 d5 17. Nxd5 Nxd5 18. exd5 Qxd5 19. f3 f5 20. Qf2 f4 21. Be4 fxe3 22. Qg3 Qc5 23. Kh1 Bxe4 24. fxe4 0-1

[Event "ZL-2021-0-02312"]
[Site "LSS email"]
[Date "2021.03.02"]
[Round "?"]
[White "Shim Ng Min, Francis"]
[Black "Vlasov, Alexander"]
[Result "1-0"]
[WhiteElo "1117"]
[BlackElo "1215"]
[PlyCount "31"]
[EventDate "2021.03.02"]
[EventType "match (corr)"]
[EventRounds "2"]
[EventCountry "GER"]
[SourceTitle "Corr 2022"]
[Source "ChessBase"]
[SourceDate "2021.10.24"]
[SourceVersion "1"]
[SourceVersionDate "2021.10.24"]
[SourceQuality "1"]

1. e4 c5 2. Nf3 Nc6 3. d4 cxd4 4. Nxd4 a6 5. Bc4 e6 6. 0-0 Nf6 7. Nc3 Nxd4 8. Qxd4 b5 9. Bd3 Bb7 10. e5 Nd5 11. Nxd5 Bxd5 12. Qg4 g6 13. Bg5 Be7 14. Bh6 Bf8 15. Bxf8 Rc8 16. Bg7 1-0

[Event "ZL-2021-0-02310"]
[Site "LSS email"]
[Date "2021.02.27"]
[Round "?"]
[White "Shim Ng Min, Francis"]
[Black "Vlasov, Alexander"]
[Result "1-0"]
[WhiteElo "1113"]
[BlackElo "1235"]
[PlyCount "63"]
[EventDate "2021.02.20"]
[EventType "match (corr)"]
[EventRounds "2"]
[EventCountry "GER"]
[SourceTitle "Corr 2022"]
[Source "ChessBase"]
[SourceDate "2021.10.24"]
[SourceVersion "1"]
[SourceVersionDate "2021.10.24"]
[SourceQuality "1"]

1. e4 c5 2. Nf3 b6 3. d4 cxd4 4. Nxd4 Bb7 5. Bd3 Nc6 6. Nxc6 dxc6 7. Bd2 e5 8. 0-0 Nf6 9. f4 exf4 10. Bxf4 Bc5+ 11. Kh1 0-0 12. Bg5 Be7 13. Nc3 h6 14. Bh4 c5 15. e5 Nd5 16. Bxe7 Nxe7 17. Qe2 Rc8 18. Rad1 Qc7 19. Nb5 Qb8 20. Nd6 Bd5 21. Nxc8 Qxc8 22. Be4 Bxe4 23. Qxe4 Qe6 24. b3 Ng6 25. Rfe1 Qe7 26. e6 f5 27. Qc4 Kh7 28. Rd7 Qg5 29. e7 Re8 30. Qf7 Nf4 31. Rd2 Ne6 32. Qxe8 1-0

[Event "OP-2021-0-05108"]
[Site "LSS email"]
[Date "2021.02.26"]
[Round "?"]
[White "Shim Ng Min, Francis"]
[Black "Vlasov, Alexander"]
[Result "0-1"]
[WhiteElo "1139"]
[BlackElo "1222"]
[PlyCount "92"]
[EventDate "2021.02.26"]
[EventType "tourn (corr)"]
[EventRounds "4"]
[EventCountry "GER"]
[SourceTitle "Corr 2022"]
[Source "ChessBase"]
[SourceDate "2021.10.24"]
[SourceVersion "1"]
[SourceVersionDate "2021.10.24"]
[SourceQuality "1"]

1. e4 g6 2. d4 Bg7 3. Nf3 c5 4. d5 d6 5. h3 Nd7 6. Be2 a6 7. c4 Ne5 8. 0-0 Bd7 9. Nc3 Nxf3+ 10. Bxf3 b5 11. cxb5 axb5 12. a3 b4 13. Ne2 bxa3 14. Rxa3 Rxa3 15. bxa3 Nf6 16. Qc2 0-0 17. Bb2 Ne8 18. Bxg7 Nxg7 19. Ra1 Qa5 20. Qc3 Qa4 21. e5 Rb8 22. exd6 exd6 23. Qf6 Ne8 24. Qe7 Rb7 25. Nc3 Qa8 26. Ne4 Bf5 27. Nf6+ Nxf6 28. Qxf6 Qb8 29. Kh2 Rb1 30. Ra2 c4 31. Re2 Rb7 32. Be4 Bd7 33. Bc2 Bb5 34. Re4 Rd7 35. Re7 Rxe7 36. Qxe7 Qb6 37. f3 Qc5 38. a4 Ba6 39. Be4 c3 40. Qg5 Kg7 41. Qc1 Qd4 42. Qf4 c2 43. Kg3 Bd3 44. Qd2 Qe5+ 45. Kf2 Bxe4 46. fxe4 Qb2 0-1

[Event "OP-2021-0-05107"]
[Site "LSS email"]
[Date "2021.02.23"]
[Round "?"]
[White "Chronopoulos, Antonios"]
[Black "Vlasov, Alexander"]
[Result "1-0"]
[WhiteElo "1554"]
[BlackElo "1219"]
[PlyCount "35"]
[EventDate "2021.02.23"]
[EventType "tourn (corr)"]
[EventRounds "4"]
[EventCountry "GER"]
[SourceTitle "Corr 2022"]
[Source "ChessBase"]
[SourceDate "2021.10.24"]
[SourceVersion "1"]
[SourceVersionDate "2021.10.24"]
[SourceQuality "1"]

1. d4 e6 2. e4 d5 3. Nc3 Ne7 4. Nf3 Ng6 5. h4 Bb4 6. h5 Nf8 7. h6 g6 8. Bd3 c6 9. 0-0 Na6 10. Bxa6 bxa6 11. Ne5 Bb7 12. Qf3 f6 13. Nd3 Be7 14. Bd2 Bc8 15. Rae1 Nd7 16. exd5 exd5 17. Nxd5 cxd5 18. Bb4 1-0

[Event "ZL-2021-0-02307"]
[Site "LSS email"]
[Date "2021.02.22"]
[Round "?"]
[White "Vlasov, Alexander"]
[Black "Shim Ng Min, Francis"]
[Result "0-1"]
[WhiteElo "1203"]
[BlackElo "1156"]
[PlyCount "82"]
[EventDate "2021.02.13"]
[EventType "match (corr)"]
[EventRounds "2"]
[EventCountry "GER"]
[SourceTitle "Corr 2022"]
[Source "ChessBase"]
[SourceDate "2021.10.24"]
[SourceVersion "1"]
[SourceVersionDate "2021.10.24"]
[SourceQuality "1"]

1. d4 Nf6 2. Bf4 d5 3. e3 e6 4. a3 Bd6 5. Bg5 Nbd7 6. c4 dxc4 7. Bxc4 c5 8. dxc5 Bxc5 9. Nf3 Be7 10. 0-0 0-0 11. Nc3 Nb6 12. Ba2 Nfd5 13. Bxe7 Nxe7 14. Qc2 Bd7 15. Rfd1 Qc8 16. Rac1 Rd8 17. Bb1 g6 18. Ne5 Qc5 19. Nxd7 Nxd7 20. Ne4 Qxc2 21. Bxc2 Kg7 22. Bb3 Nf6 23. Nxf6 Kxf6 24. g3 Nc6 25. f4 Rxd1+ 26. Rxd1 Rd8 27. Rxd8 Nxd8 28. Kf2 e5 29. Kf3 exf4 30. gxf4 Kg7 31. Bd5 f5 32. h4 Kf6 33. b3 b6 34. b4 a5 35. bxa5 bxa5 36. a4 Ne6 37. Bxe6 Kxe6 38. e4 fxe4+ 39. Kxe4 h6 40. Kd4 Kf5 41. Kc5 Kxf4 0-1

[Event "ZL-2021-0-02305"]
[Site "LSS email"]
[Date "2021.02.10"]
[Round "?"]
[White "Lindenblatt, Ingo"]
[Black "Vlasov, Alexander"]
[Result "0-1"]
[WhiteElo "1479"]
[BlackElo "1172"]
[PlyCount "46"]
[EventDate "2021.02.09"]
[EventType "match (corr)"]
[EventRounds "2"]
[EventCountry "GER"]
[SourceTitle "Corr 2022"]
[Source "ChessBase"]
[SourceDate "2021.10.24"]
[SourceVersion "1"]
[SourceVersionDate "2021.10.24"]
[SourceQuality "1"]

1. e4 e5 2. Nf3 Nc6 3. Bb5 d6 4. Bxc6+ bxc6 5. 0-0 Bg4 6. d3 Nf6 7. Bg5 Be7 8. Bxf6 Bxf6 9. Nc3 h6 10. h3 Bh5 11. Ne2 Bxf3 12. gxf3 Bh4 13. Ng3 g6 14. Qd2 Bg5 15. Qc3 Qd7 16. Kg2 a5 17. a4 c5 18. b3 h5 19. Rh1 h4 20. Nf1 Ke7 21. Qc4 Rhb8 22. Qd5 Ra7 23. Nd2 Bxd2 0-1

[Event "ZL-2021-0-02300"]
[Site "LSS email"]
[Date "2021.02.07"]
[Round "?"]
[White "Vlasov, Alexander"]
[Black "Shim Ng Min, Francis"]
[Result "1-0"]
[WhiteElo "1136"]
[BlackElo "1149"]
[PlyCount "69"]
[EventDate "2021.02.07"]
[EventType "match (corr)"]
[EventRounds "2"]
[EventCountry "GER"]
[SourceTitle "Corr 2022"]
[Source "ChessBase"]
[SourceDate "2021.10.24"]
[SourceVersion "1"]
[SourceVersionDate "2021.10.24"]
[SourceQuality "1"]

1. e3 Nf6 2. d4 d5 3. c4 e6 4. Nc3 Be7 5. Bd2 0-0 6. c5 c6 7. Bd3 Nbd7 8. f4 b6 9. b4 bxc5 10. bxc5 g6 11. Qa4 Bb7 12. Nf3 Ng4 13. 0-0 f6 14. h3 Nh6 15. Rab1 Qc7 16. Rb2 Rfb8 17. Rfb1 Bc8 18. Ne2 Rxb2 19. Rxb2 e5 20. fxe5 fxe5 21. Ba6 exd4 22. exd4 Bf6 23. Ba5 Nxc5 24. dxc5 Qe7 25. Qxc6 Bxb2 26. Qxa8 Qxc5+ 27. Kh1 Qxa5 28. Qxc8+ Kg7 29. Qd7+ Nf7 30. Bb7 Qxa2 31. Bxd5 Qa1+ 32. Kh2 Be5+ 33. g3 Qf1 34. Qxf7+ Kh6 35. Qf8+ 1-0

[Event "ZL-2021-0-02298"]
[Site "LSS email"]
[Date "2021.02.06"]
[Round "?"]
[White "Vlasov, Alexander"]
[Black "Shim Ng Min, Francis"]
[Result "1-0"]
[WhiteElo "1137"]
[BlackElo "1168"]
[PlyCount "55"]
[EventDate "2021.02.06"]
[EventType "match (corr)"]
[EventRounds "2"]
[EventCountry "GER"]
[SourceTitle "Corr 2022"]
[Source "ChessBase"]
[SourceDate "2021.10.24"]
[SourceVersion "1"]
[SourceVersionDate "2021.10.24"]
[SourceQuality "1"]

1. Nf3 Nf6 2. d4 d5 3. e3 e6 4. c4 Be7 5. Nc3 0-0 6. Bd2 dxc4 7. Ne5 c5 8. dxc5 Bxc5 9. Nxc4 Nc6 10. a3 a6 11. b4 Be7 12. Be2 e5 13. 0-0 Be6 14. Nb2 Rc8 15. Bf3 Qd7 16. Ne4 Nxe4 17. Bxe4 f5 18. Bf3 e4 19. Be2 Bf6 20. Rb1 Ba2 21. Bc4+ Bxc4 22. Nxc4 Rfd8 23. Nb6 Qxd2 24. Qxd2 Rxd2 25. Nxc8 Ra2 26. b5 axb5 27. Rxb5 Rxa3 28. Rxb7 1-0

[Event "ZL-2021-0-02299"]
[Site "LSS email"]
[Date "2021.02.06"]
[Round "?"]
[White "Vlasov, Alexander"]
[Black "Shim Ng Min, Francis"]
[Result "1-0"]
[WhiteElo "1136"]
[BlackElo "1168"]
[PlyCount "75"]
[EventDate "2021.02.06"]
[EventType "match (corr)"]
[EventRounds "2"]
[EventCountry "GER"]
[SourceTitle "Corr 2022"]
[Source "ChessBase"]
[SourceDate "2021.10.24"]
[SourceVersion "1"]
[SourceVersionDate "2021.10.24"]
[SourceQuality "1"]

1. e4 c5 2. c3 d5 3. e5 e6 4. d4 Nc6 5. Nf3 Qb6 6. Be2 cxd4 7. cxd4 Nh6 8. Bd3 Bd7 9. Bc2 Nf5 10. Bxf5 exf5 11. 0-0 Be7 12. Nc3 Be6 13. Na4 Qd8 14. a3 0-0 15. b4 a6 16. Nc5 b6 17. Nxe6 fxe6 18. Bb2 b5 19. Rc1 Rc8 20. Rc3 Na7 21. Qc2 Rxc3 22. Qxc3 Nc8 23. Qc6 Qb6 24. Rc1 Kf7 25. g3 Qa7 26. Qc7 Qxc7 27. Rxc7 Nb6 28. Ng5+ Ke8 29. Nxe6 Rf7 30. Rc6 Nc4 31. Bc1 a5 32. Nc5 axb4 33. axb4 Bxc5 34. bxc5 Ra7 35. Kg2 Rb7 36. Ra6 b4 37. c6 Rb6 38. Ra8+ 1-0

[Event "OP-2021-0-05095"]
[Site "LSS email"]
[Date "2021.02.05"]
[Round "?"]
[White "Beaver, Michael"]
[Black "Vlasov, Alexander"]
[Result "0-1"]
[WhiteElo "1181"]
[BlackElo "1168"]
[PlyCount "54"]
[EventDate "2021.02.04"]
[EventType "tourn (corr)"]
[EventRounds "4"]
[EventCountry "GER"]
[SourceTitle "Corr 2022"]
[Source "ChessBase"]
[SourceDate "2021.10.24"]
[SourceVersion "1"]
[SourceVersionDate "2021.10.24"]
[SourceQuality "1"]

1. e4 e6 2. d4 d5 3. Nc3 Nf6 4. e5 Nfd7 5. f4 c5 6. Nf3 Nc6 7. Be3 cxd4 8. Nxd4 g6 9. Bb5 Nxd4 10. Bxd7+ Bxd7 11. Qxd4 b6 12. 0-0-0 Rc8 13. g4 Rc4 14. Qd3 Bb4 15. Bd2 Qe7 16. Ne2 0-0 17. Bxb4 Qxb4 18. Nd4 Rfc8 19. h4 Bb5 20. a3 Qa4 21. Nxb5 Qxb5 22. Rh2 Qc5 23. f5 Rxg4 24. fxe6 fxe6 25. h5 g5 26. c3 Rf8 27. Qh3 Rff4 0-1

[Event "OP-2021-0-05095"]
[Site "LSS email"]
[Date "2021.02.05"]
[Round "?"]
[White "Vlasov, Alexander"]
[Black "Lombardi, Donato"]
[Result "1-0"]
[WhiteElo "1168"]
[BlackElo "816"]
[PlyCount "69"]
[EventDate "2021.02.04"]
[EventType "tourn (corr)"]
[EventRounds "4"]
[EventCountry "GER"]
[SourceTitle "Corr 2022"]
[Source "ChessBase"]
[SourceDate "2021.10.24"]
[SourceVersion "1"]
[SourceVersionDate "2021.10.24"]
[SourceQuality "1"]

1. c4 c6 2. Nf3 d5 3. cxd5 cxd5 4. e3 Nc6 5. d4 e5 6. Nc3 exd4 7. exd4 Bd6 8. Nxd5 Nf6 9. Nxf6+ Qxf6 10. Be2 Bg4 11. 0-0 0-0 12. Be3 Rad8 13. h3 Bh5 14. Qa4 a6 15. Rfc1 b5 16. Qd1 Bxf3 17. Bxf3 Ne7 18. Bg4 Ng6 19. Qf3 Qxf3 20. Bxf3 f5 21. Rc6 f4 22. Bd2 Bb8 23. Bc3 Ba7 24. Rd1 Rfe8 25. Rxa6 b4 26. Rxa7 Re7 27. Rxe7 Nxe7 28. Bxb4 Nf5 29. d5 Kf7 30. a4 Ne7 31. a5 g5 32. d6 Nf5 33. d7 Ne7 34. a6 Ke6 35. a7 1-0

[Event "LSS No Engine Cup 213 Preliminary 0"]
[Site "LSS email"]
[Date "2021.01.28"]
[Round "?"]
[White "Wilshusen, Horst"]
[Black "Vlasov, Alexander"]
[Result "1-0"]
[WhiteElo "1527"]
[BlackElo "1488"]
[PlyCount "37"]
[EventDate "2021.01.28"]
[EventType "tourn (corr)"]
[EventRounds "6"]
[EventCountry "GER"]
[SourceTitle "Corr 2022"]
[Source "ChessBase"]
[SourceDate "2021.10.24"]
[SourceVersion "1"]
[SourceVersionDate "2021.10.24"]
[SourceQuality "1"]

1. e4 c5 2. Nf3 Nc6 3. Nc3 e5 4. a3 d6 5. h3 f5 6. d3 Nf6 7. Bg5 Be7 8. Qd2 f4 9. g3 fxg3 10. fxg3 Be6 11. Be2 Nd4 12. Nd1 0-0 13. Ne3 Nxf3+ 14. Bxf3 Nxe4 15. Bxe4 Bxg5 16. 0-0-0 Rf3 17. Bxf3 Rc8 18. h4 Qb6 19. hxg5 1-0

[Event "RF-2021-0-00512"]
[Site "LSS email"]
[Date "2021.01.11"]
[Round "?"]
[White "Kuttner, Jaromir"]
[Black "Vlasov, Alexander"]
[Result "0-1"]
[WhiteElo "1047"]
[BlackElo "1190"]
[PlyCount "46"]
[EventDate "2020.10.02"]
[EventType "tourn (corr)"]
[EventRounds "6"]
[EventCountry "GER"]
[SourceTitle "Corr 2022"]
[Source "ChessBase"]
[SourceDate "2021.10.24"]
[SourceVersion "1"]
[SourceVersionDate "2021.10.24"]
[SourceQuality "1"]

1. e4 c5 2. Nf3 Nc6 3. d4 cxd4 4. Nxd4 Nf6 5. Nc3 e6 6. g3 Bb4 7. Bg2 0-0 8. 0-0 a6 9. Bg5 h6 10. Bf4 d5 11. e5 Nd7 12. Nxc6 bxc6 13. Na4 a5 14. a3 Be7 15. Qd2 Re8 16. Rfe1 Nb6 17. Nxb6 Qxb6 18. c3 a4 19. b4 Ba6 20. Be3 c5 21. Bf1 Rad8 22. Bxa6 d4 23. bxc5 dxe3 0-1

[Event "Staraya Mayna Sidorov Cup"]
[Site "Staraya Mayna"]
[Date "2018.07.14"]
[Round "8"]
[White "Vorobiov, Daniil"]
[Black "Vlasov, Alexander"]
[Result "0-1"]
[WhiteElo "1408"]
[BlackElo "2227"]
[PlyCount "78"]
[EventDate "2018.07.10"]
[EventType "swiss"]
[EventRounds "9"]
[EventCountry "RUS"]
[SourceTitle "EXT 2019"]
[Source "ChessBase"]
[SourceDate "2018.10.10"]
[SourceVersion "1"]
[SourceVersionDate "2018.10.10"]
[SourceQuality "1"]

1. Nf3 e6 2. g3 d5 3. Bg2 Nf6 4. c4 Bd6 5. b3 0-0 6. Bb2 c5 7. e3 b6 8. d3 Bb7 9. 0-0 Nbd7 10. cxd5 exd5 11. d4 Ne4 12. Nbd2 f5 13. dxc5 bxc5 14. Rc1 Qe7 15. Qe2 a5 16. Rfd1 a4 17. Nb1 axb3 18. axb3 Ndf6 19. Bxf6 Qxf6 20. Qd3 Rfd8 21. Nc3 Be7 22. Nd2 Kh8 23. f3 c4 24. Qc2 Nxc3 25. Qxc3 Qxc3 26. Rxc3 Ra2 27. bxc4 dxc4 28. Rxc4 Bf6 29. Rc7 Ba8 30. Rc5 g6 31. e4 Bd4+ 32. Kf1 Bxc5 33. Ke2 Bb4 34. exf5 Rdxd2+ 35. Rxd2 Rxd2+ 36. Kf1 Bc5 37. fxg6 Rf2+ 38. Kg1 Rxf3+ 39. Kh1 Rf1# 0-1

[Event "Staraya Mayna Sidorov Cup"]
[Site "Staraya Mayna"]
[Date "2018.07.13"]
[Round "7"]
[White "Vlasov, Alexander"]
[Black "Seyfutdinov, Rustam"]
[Result "0-1"]
[WhiteElo "2227"]
[BlackElo "2000"]
[PlyCount "98"]
[EventDate "2018.07.10"]
[EventType "swiss"]
[EventRounds "9"]
[EventCountry "RUS"]
[SourceTitle "EXT 2019"]
[Source "ChessBase"]
[SourceDate "2018.10.10"]
[SourceVersion "1"]
[SourceVersionDate "2018.10.10"]
[SourceQuality "1"]

1. d4 Nf6 2. Nf3 e6 3. e3 b6 4. Bd3 Bb7 5. Nbd2 c5 6. b3 d6 7. Bb2 Be7 8. 0-0 0-0 9. c4 Nc6 10. a3 Re8 11. Qc2 Bf8 12. dxc5 bxc5 13. Bxf6 Qxf6 14. Bxh7+ Kh8 15. Bd3 d5 16. Rfd1 Bd6 17. Rac1 Ne5 18. Nxe5 Qxe5 19. Nf1 a5 20. a4 Bc6 21. Qc3 Qxc3 22. Rxc3 d4 23. exd4 cxd4 24. Rcc1 Rab8 25. Rb1 e5 26. f3 g6 27. Be4 Bxe4 28. fxe4 f5 29. Ng3 Rb4 30. Rd3 f4 31. Nf1 Reb8 32. Nd2 Kg7 33. Kf2 R4b7 34. Ke2 Kf6 35. h4 Bb4 36. g3 Rh8 37. Rf3 Ke6 38. Rg1 g5 39. gxf4 Rxh4 40. Nf1 gxf4 41. Rg6+ Kf7 42. Rg5 Kf6 43. Rf5+ Ke6 44. Rf2 Rg7 45. Nh2 Bc5 46. Nf3 d3+ 47. Ke1 Bb4+ 48. Rd2 Rh1+ 49. Kf2 Bc5+ 0-1

[Event "LSS No Engine Cup 166 Preliminary 0"]
[Site "LSS email"]
[Date "2017.01.30"]
[Round "?"]
[White "Mostowik, Pawel"]
[Black "Vlasov, Alexander"]
[Result "1-0"]
[WhiteElo "2114"]
[BlackElo "1522"]
[PlyCount "87"]
[EventDate "2017.01.31"]
[EventType "tourn (corr)"]
[EventRounds "6"]
[EventCountry "GER"]
[SourceTitle "Corr 2022"]
[Source "ChessBase"]
[SourceDate "2021.10.24"]
[SourceVersion "1"]
[SourceVersionDate "2021.10.24"]
[SourceQuality "1"]

1. e4 e6 2. d4 d5 3. exd5 exd5 4. Nf3 Nf6 5. Bd3 Bd6 6. 0-0 0-0 7. Bg5 Kh8 8. Re1 Bg4 9. h3 Bh5 10. Nbd2 Nbd7 11. c4 c6 12. c5 Bb8 13. Qb3 Qc7 14. g4 Bg6 15. Bxg6 hxg6 16. Re2 b6 17. Qc3 bxc5 18. dxc5 a5 19. Rae1 Ba7 20. Bxf6 Nxf6 21. Re7 Qf4 22. g5 Nh5 23. Qxa5 Qf5 24. Rxa7 Rxa7 25. Qxa7 Qxh3 26. Qa4 Qf5 27. Qxc6 Nf4 28. Re8 Qg4+ 29. Kf1 Qg2+ 30. Ke1 Qh1+ 31. Nf1 Qxf3 32. Rxf8+ Kh7 33. Qe8 Ng2+ 34. Kd2 Qxf2+ 35. Kc3 Qxc5+ 36. Kb3 Qc4+ 37. Ka3 Qa6+ 38. Kb4 Qc4+ 39. Ka5 Qxa2+ 40. Kb6 Qxb2+ 41. Kc6 Qc3+ 42. Kd7 Qh3+ 43. Kd8 Qe6 44. Rh8# 1-0